[Event "DVM U14 2016"]
[Site "Düsseldorf GER"]
[Date "2016.12.27"]
[Round "1"]
[White "Wöllenstein, Sebastian"]
[Black "Koll, Lukas"]
[Result "1-0"]
[Termination "normal"]
[Board "4.2"]
[WhiteElo "1752"]
[BlackElo "1821"]
[WhiteTeam "SVG CAISSA Kassel"]
[BlackTeam "Karlsruher SF"]
[PlyCount "57"]
[WhiteFideId "12974706"]
[BlackFideId "12969737"]
[EventCountry "GER"]
[EventRounds "7"]
[EventType "team-swiss"]
[EventDate "2016.12.26"]

1. e4 c6 2. d4 d5 3. Nd2 dxe4 4. Nxe4 Bf5 5. Ng3 Bg6 6. Nh3 e6 7. Nf4 Bd6 8. c3
Qc7 9. Qf3 Ne7 10. h4 Nd7 11. h5 Bf5 12. Bd3 Bxd3 13. Nxd3 Nd5 14. h6 g6 15.
Ne4 Be7 16. Ng5 Bxg5 17. Bxg5 f6 18. Bh4 Qd6 19. O-O-O O-O-O 20. Bg3 Qf8 21.
Nf4 Nxf4 22. Qxf4 e5 23. dxe5 Nxe5 24. Qe3 b6 25. f4 Nd7 26. Qe6 Qc5 27. Rd6
Kc7 28. Rhd1 Kb8 29. f5 1-0

[Event "DVM U14 2016"]
[Site "Düsseldorf GER"]
[Date "2016.12.27"]
[Round "1"]
[White "Fidlin, Simon"]
[Black "Fromm, Nick"]
[Result "1-0"]
[Termination "normal"]
[Board "4.3"]
[WhiteElo "1717"]
[BlackElo "1527"]
[WhiteTeam "Karlsruher SF"]
[BlackTeam "SVG CAISSA Kassel"]
[PlyCount "65"]
[WhiteFideId "16217535"]
[BlackFideId "12958026"]
[EventCountry "GER"]
[EventRounds "7"]
[EventType "team-swiss"]
[EventDate "2016.12.26"]

1. e4 e6 2. d4 d5 3. Nc3 Nf6 4. e5 Nfd7 5. f4 c5 6. Nce2 Nc6 7. c3 f6 8. Nf3
fxe5 9. fxe5 Be7 10. Nf4 Nb6 11. Bd3 cxd4 12. cxd4 g6 13. O-O g5 14. Nh5 g4 15.
Ne1 Nxd4 16. Qxg4 Nf5 17. Bxf5 exf5 18. Ng7+ Kd7 19. e6+ Kc6 20. Rxf5 Rg8 21.
Rf7 Qd6 22. Be3 Nc4 23. Bd4 Rf8 24. Nf5 Qb4 25. Nxe7+ Kb5 26. Nd3 Qd6 27. a4+
Ka6 28. Rxf8 Qxe7 29. Rf6 Ne3 30. Qe2 Nc4 31. b4 b5 32. axb5+ Kxb5 33. Qc2 1-0

[Event "DVM U14 2016"]
[Site "Düsseldorf GER"]
[Date "2016.12.27"]
[Round "1"]
[White "Krömer, Alexander"]
[Black "Ning, Felix"]
[Result "1/2-1/2"]
[Termination "normal"]
[Board "4.4"]
[WhiteElo "1564"]
[BlackElo "1637"]
[WhiteTeam "SVG CAISSA Kassel"]
[BlackTeam "Karlsruher SF"]
[PlyCount "72"]
[WhiteFideId "12974676"]
[BlackFideId "12988553"]
[EventCountry "GER"]
[EventRounds "7"]
[EventType "team-swiss"]
[EventDate "2016.12.26"]

1. e4 c5 2. Nf3 Nc6 3. d4 cxd4 4. Nxd4 Nf6 5. Nc3 g6 6. Bc4 Bg7 7. Be3 d6 8. h3
O-O 9. Bb3 Bd7 10. O-O Na5 11. f4 Nxb3 12. Nxb3 Bc6 13. Qd3 Nh5 14. f5 Ng3 15.
Rf4 Be5 16. Rg4 h5 17. Rg5 Bxc3 18. Rxg3 Bxb2 19. Rf1 Be5 20. Rgf3 Qc7 21. Bh6
Qb6+ 22. Kh1 Rfc8 23. fxg6 fxg6 24. Qc4+ Kh7 25. Be3 Qc7 26. Qf7+ Bg7 27. Rg3
Bxe4 28. Qe6 d5 29. Rf7 Qxg3 30. Rxg7+ Kxg7 31. Qxe7+ Kg8 32. Qe6+ Kh8 33. Qf6+
Kg8 34. Qe6+ Kg7 35. Qe7+ Kg8 36. Qe6+ Kg7 1/2-1/2

[Event "DVM U14 2016"]
[Site "Düsseldorf GER"]
[Date "2016.12.27"]
[Round "1"]
[White "Stirnberg, Noah"]
[Black "Dietz, Florian"]
[Result "1-0"]
[Termination "normal"]
[Board "5.1"]
[WhiteElo "1772"]
[BlackElo "1922"]
[WhiteTeam "SK Blauer Springer Paderborn"]
[BlackTeam "Reideburger SV 90 Halle"]
[PlyCount "137"]
[WhiteFideId "16207742"]
[BlackFideId "12939897"]
[EventCountry "GER"]
[EventRounds "7"]
[EventType "team-swiss"]
[EventDate "2016.12.26"]

1. e4 c5 2. Nf3 Nc6 3. Bb5 g6 4. O-O Bg7 5. c3 Qb6 6. Bxc6 bxc6 7. d4 e6 8.
dxc5 Qxc5 9. Be3 Qe7 10. Nbd2 d5 11. exd5 cxd5 12. Nb3 Ba6 13. Bc5 Qc7 14. Re1
Ne7 15. Bd4 O-O 16. Bxg7 Kxg7 17. Qd4+ Kg8 18. Nc5 Bc4 19. b4 Nf5 20. Qf6 a5
21. a3 Qe7 22. Qxe7 Nxe7 23. Ne5 Ra7 24. a4 Rc8 25. Ned7 Rac7 26. Nb6 Rb8 27.
Nxc4 dxc4 28. Na6 Rcb7 29. Nxb8 Rxb8 30. b5 Nd5 31. Re4 Rc8 32. Rc1 Kf8 33. Rh4
Kg7 34. Kf1 h5 35. Rd4 Kf6 36. Ke2 Ke5 37. Kd2 Kd6 38. f4 f5 39. h3 h4 40. Re1
Rc5 41. b6 Rc8 42. b7 Rb8 43. Rb1 Kd7 44. Rxc4 Nf6 45. Ke2 Ne4 46. Rxe4 fxe4
47. Ke3 Ke7 48. Kxe4 Kf6 49. c4 Ke7 50. c5 Kd7 51. Rb6 Kc7 52. Rxe6 Rxb7 53.
Re7+ Kc6 54. Rxb7 Kxb7 55. Ke5 Kc6 56. Kf6 Kxc5 57. Kxg6 Kb4 58. f5 Kxa4 59. f6
Kb3 60. f7 a4 61. f8=Q a3 62. Qf3+ Kb2 63. Qe2+ Ka1 64. Qd1+ Kb2 65. Qd2+ Ka1
66. Qc1+ Ka2 67. Kf5 Kb3 68. Qb1+ Ka4 69. Ke4 1-0

[Event "DVM U14 2016"]
[Site "Düsseldorf GER"]
[Date "2016.12.27"]
[Round "1"]
[White "Post, Hugo"]
[Black "Schlangenotto, Niklas"]
[Result "1-0"]
[Termination "normal"]
[Board "5.2"]
[WhiteElo "1862"]
[BlackElo "1729"]
[WhiteTeam "Reideburger SV 90 Halle"]
[BlackTeam "SK Blauer Springer Paderborn"]
[PlyCount "75"]
[WhiteFideId "12962490"]
[BlackFideId "16217560"]
[EventCountry "GER"]
[EventRounds "7"]
[EventType "team-swiss"]
[EventDate "2016.12.26"]

1. e4 e6 2. Nf3 d5 3. exd5 exd5 4. d4 Bd6 5. Bd3 Ne7 6. Bg5 f6 7. Bh4 Bg4 8.
Bg3 Nbc6 9. c3 Qd7 10. O-O O-O-O 11. b4 Rde8 12. Nbd2 h5 13. Qa4 Kb8 14. Bxd6
Qxd6 15. Rfe1 Bd7 16. Qb3 g5 17. a4 h4 18. h3 Reg8 19. c4 f5 20. c5 Qf6 21. b5
Nd8 22. a5 g4 23. hxg4 fxg4 24. Ne5 Bc8 25. b6 h3 26. g3 h2+ 27. Kh1 Qxf2 28.
bxa7+ Ka8 29. Qc3 Qxg3 30. a6 Qh4 31. axb7+ Bxb7 32. Qb3 g3 33. Bf1 g2+ 34.
Bxg2 Qf2 35. Qf3 Qxd2 36. Rab1 Qxd4 37. Nf7 Nxf7 38. Rxe7 1-0

[Event "DVM U14 2016"]
[Site "Düsseldorf GER"]
[Date "2016.12.27"]
[Round "1"]
[White "Brockhoff, Moritz"]
[Black "Henning, Marvin"]
[Result "0-1"]
[Termination "normal"]
[Board "5.3"]
[WhiteElo "1818"]
[BlackElo "1935"]
[WhiteTeam "SK Blauer Springer Paderborn"]
[BlackTeam "Reideburger SV 90 Halle"]
[PlyCount "106"]
[WhiteFideId "16214927"]
[BlackFideId "12957399"]
[EventCountry "GER"]
[EventRounds "7"]
[EventType "team-swiss"]
[EventDate "2016.12.26"]

1. d4 b5 2. Bf4 Bb7 3. e3 Nf6 4. Nf3 a6 5. a4 b4 6. a5 e6 7. Be2 d5 8. O-O Be7
9. c3 Nc6 10. Ne5 O-O 11. Qa4 Qe8 12. Nd3 bxc3 13. Nxc3 Qd7 14. Rac1 Rfc8 15.
Bd1 Qe8 16. Nb1 Rab8 17. Nd2 Bd6 18. Nb3 Ne7 19. Nbc5 Bc6 20. Qc2 Bb5 21. Be2
Nc6 22. Qd2 Qe7 23. Ne5 Nxe5 24. dxe5 Bxc5 25. exf6 gxf6 26. g4 Bb4 27. Qc2
Bxa5 28. Kh1 Qb4 29. Bd3 Bxd3 30. Qxd3 Qb5 31. Qd1 e5 32. Bh6 Qd7 33. Rg1 Rxb2
34. Qf1 Qe6 35. Qh3 Bb4 36. g5 f5 37. g6 fxg6 38. Rc6 Qxc6 39. Qxf5 d4+ 40. e4
Rf8 41. Qxe5 Qf6 42. Qg3 Qf3+ 43. Qxf3 Rxf3 44. Rd1 c5 45. e5 Rfxf2 46. Kg1
Rg2+ 47. Kh1 Rxh2+ 48. Kg1 Rbg2+ 49. Kf1 Rh1+ 50. Kxg2 Rxd1 51. Kf3 Kf7 52. Bg5
Ke6 53. Bf6 a5 0-1

[Event "DVM U14 2016"]
[Site "Düsseldorf GER"]
[Date "2016.12.27"]
[Round "1"]
[White "Seidel, Arne-Christian"]
[Black "Janke, Julian"]
[Result "1-0"]
[Termination "normal"]
[Board "5.4"]
[WhiteElo "1487"]
[BlackElo "1343"]
[WhiteTeam "Reideburger SV 90 Halle"]
[BlackTeam "SK Blauer Springer Paderborn"]
[PlyCount "69"]
[WhiteFideId "16235142"]
[BlackFideId "16229185"]
[EventCountry "GER"]
[EventRounds "7"]
[EventType "team-swiss"]
[EventDate "2016.12.26"]

1. e4 d5 2. Nc3 Nf6 3. e5 Nfd7 4. e6 fxe6 5. d4 g6 6. Bf4 Bg7 7. Nf3 O-O 8. Qd2
Rf7 9. Nb5 Na6 10. O-O-O c6 11. Nc3 Qb6 12. h4 c5 13. Bh6 Bh8 14. h5 cxd4 15.
Nxd4 Ne5 16. f4 Ng4 17. hxg6 hxg6 18. Qd3 Nxh6 19. Rxh6 Bg7 20. Rxg6 Rf6 21.
Rg5 Bd7 22. f5 exf5 23. Nxd5 Qd6 24. Nxf6+ exf6 25. Rxg7+ Kf8 26. Qh3 Qf4+ 27.
Kb1 Kxg7 28. Bb5 Bc8 29. Qc3 Qg4 30. Rg1 f4 31. g3 Kf8 32. Ne2 f3 33. Qxf6+ Kg8
34. Rh1 Qg7 35. Bc4+ 1-0

[Event "DVM U14 2016"]
[Site "Düsseldorf GER"]
[Date "2016.12.27"]
[Round "1"]
[White "Righi, Sofian"]
[Black "Kartsev, Nikolaj"]
[Result "0-1"]
[Termination "normal"]
[Board "6.2"]
[WhiteElo "1760"]
[BlackElo "1739"]
[WhiteTeam "Düsseldorfer SK"]
[BlackTeam "SF Brackel"]
[PlyCount "88"]
[WhiteFideId "12987581"]
[BlackFideId "12939536"]
[EventCountry "GER"]
[EventRounds "7"]
[EventType "team-swiss"]
[EventDate "2016.12.26"]

1. d4 Nf6 2. c4 e6 3. Nc3 Bb4 4. f3 d5 5. a3 Bxc3+ 6. bxc3 b6 7. cxd5 exd5 8.
e3 O-O 9. Bd3 c5 10. Ne2 Ba6 11. O-O Bxd3 12. Qxd3 Nc6 13. Ng3 Qd7 14. Ra2 Rfe8
15. Re2 Rad8 16. Bb2 Qc8 17. Rd1 c4 18. Qc2 g6 19. Rde1 Kg7 20. e4 Re7 21. e5
Ne8 22. Bc1 Rb7 23. Bg5 Rdd7 24. Qd2 Nd8 25. f4 Ne6 26. f5 Nxg5 27. f6+ Kh8 28.
Qxg5 Nc7 29. Qh6 Ne6 30. Re3 Qf8 31. Qh4 Rb8 32. Ne2 Qg8 33. Qg3 Qf8 34. Nf4
Qxa3 35. Nxe6 fxe6 36. Qg5 Qf8 37. Rh3 Qf7 38. Rh6 a5 39. Rb1 b5 40. Ra1 b4 41.
Qd2 b3 42. Qb2 a4 43. Ra3 Qf8 44. Rh3 Qxa3 0-1

[Event "DVM U14 2016"]
[Site "Düsseldorf GER"]
[Date "2016.12.27"]
[Round "1"]
[White "Kracht, Raphael"]
[Black "Kostenko, Peter Alexander"]
[Result "1-0"]
[Termination "normal"]
[Board "6.3"]
[WhiteElo "1639"]
[BlackElo "1220"]
[WhiteTeam "SF Brackel"]
[BlackTeam "Düsseldorfer SK"]
[PlyCount "109"]
[WhiteFideId "16214382"]
[BlackFideId "16235177"]
[EventCountry "GER"]
[EventRounds "7"]
[EventType "team-swiss"]
[EventDate "2016.12.26"]

1. e4 e5 2. Nf3 Nf6 3. Nxe5 d6 4. Nf3 Nxe4 5. Nc3 Nxc3 6. dxc3 Be7 7. Bd3 Nd7
8. Be3 Nf6 9. h3 b6 10. Qd2 O-O 11. O-O-O Be6 12. Kb1 c5 13. Ng5 Bd7 14. Ne4 d5
15. Nxf6+ Bxf6 16. Be2 Qc7 17. Qxd5 Bc6 18. Qf5 Qe7 19. Bf3 Bxf3 20. Qxf3 a5
21. Rhe1 Rfd8 22. Bd4 Qd6 23. Be5 Qe6 24. Bxf6 Qxf6 25. Qxf6 gxf6 26. Kc1 b5
27. Rxd8+ Rxd8 28. Re7 b4 29. c4 Rd4 30. b3 a4 31. Rc7 Re4 32. Rxc5 Re1+ 33.
Kd2 Ra1 34. bxa4 Rxa2 35. Rb5 Rxa4 36. Rb8+ Kg7 37. c5 Ra5 38. Rxb4 Rxc5 39. c4
f5 40. Kd3 Kf6 41. Rb5 Rc7 42. Kd4 Ke6 43. Rb6+ Ke7 44. Rb5 Ke6 45. f4 Rc6 46.
c5 f6 47. Rb6 Kd7 48. Rxc6 Kxc6 49. Kc4 h6 50. g3 h5 51. h4 Kc7 52. Kd5 Kd7 53.
c6+ Kc7 54. Ke6 Kxc6 55. Kxf6 1-0

[Event "DVM U14 2016"]
[Site "Düsseldorf GER"]
[Date "2016.12.27"]
[Round "1"]
[White "Wiedenbruch, Paul"]
[Black "Seref, Erdogan"]
[Result "0-1"]
[Termination "normal"]
[Board "6.4"]
[WhiteElo "1407"]
[BlackElo "1724"]
[WhiteTeam "Düsseldorfer SK"]
[BlackTeam "SF Brackel"]
[PlyCount "94"]
[WhiteFideId "16207343"]
[BlackFideId "16206827"]
[EventCountry "GER"]
[EventRounds "7"]
[EventType "team-swiss"]
[EventDate "2016.12.26"]

1. e4 e6 2. d4 d5 3. exd5 exd5 4. Nf3 Bd6 5. Nc3 Ne7 6. Be2 Bf5 7. O-O Nbc6 8.
Bb5 O-O 9. Bxc6 bxc6 10. h3 Rb8 11. b3 Ng6 12. Bg5 Qd7 13. Re1 f6 14. Bh4 Bxh3
15. gxh3 Qxh3 16. Bg3 Bxg3 17. fxg3 Qxg3+ 18. Kf1 Nf4 19. Re3 Qg2+ 20. Ke1 Qh1+
21. Kd2 Qg2+ 22. Ke1 Rbe8 23. Re2 Qxf3 24. Kd2 Nxe2 25. Nxe2 Qe3+ 26. Ke1 Qxe2+
27. Qxe2 Rxe2+ 28. Kxe2 Re8+ 29. Kd3 g5 30. Rf1 Kg7 31. a3 h5 32. a4 g4 33. a5
h4 34. Rh1 h3 35. Rg1 f5 36. c3 h2 37. Rh1 g3 38. c4 g2 39. Rxh2 g1=Q 40. Rh3
Qd1+ 41. Kc3 Re2 42. Rg3+ Kf6 43. Rg8 Rc2+ 44. Kb4 Qd2+ 45. Kc5 Qxa5+ 46. Kxc6
Qb6+ 47. Kxd5 Qd6# 0-1

[Event "DVM U14 2016"]
[Site "Düsseldorf GER"]
[Date "2016.12.27"]
[Round "1"]
[White "Triantafillidis, Simeon"]
[Black "von Estorff, Jacob"]
[Result "0-1"]
[Termination "normal"]
[Board "7.1"]
[WhiteElo "1656"]
[BlackElo "1885"]
[WhiteTeam "SF HN-Biberach"]
[BlackTeam "Post SV Uelzen"]
[PlyCount "55"]
[WhiteFideId "12953113"]
[BlackFideId "12974501"]
[EventCountry "GER"]
[EventRounds "7"]
[EventType "team-swiss"]
[EventDate "2016.12.26"]

1. e4 c5 2. Nf3 Nc6 3. Bb5 g6 4. Bxc6 dxc6 5. d3 Bg7 6. h3 e5 7. Nc3 Qc7 8. a4
a5 9. Be3 b6 10. Qd2 Ba6 11. Rb1 Nf6 12. O-O O-O 13. Nh2 Nd7 14. f4 exf4 15.
Bxf4 Ne5 16. Ng4 Rad8 17. Bxe5 Bxe5 18. Qg5 Bg7 19. e5 Kh8 20. Nf6 Bc8 21. Rf4
Bxf6 22. exf6 Rg8 23. Qh6 g5 24. Re4 Be6 25. Rf1 Rd4 26. Rxe6 Rh4 27. Qxh4 gxh4
28. Ne4 0-1

[Event "DVM U14 2016"]
[Site "Düsseldorf GER"]
[Date "2016.12.27"]
[Round "1"]
[White "Askerov, Imamali"]
[Black "Geltz, Noah"]
[Result "0-1"]
[Termination "normal"]
[Board "7.2"]
[WhiteElo "1777"]
[BlackElo "1830"]
[WhiteTeam "Post SV Uelzen"]
[BlackTeam "SF HN-Biberach"]
[PlyCount "72"]
[WhiteFideId "12974498"]
[BlackFideId "16224256"]
[EventCountry "GER"]
[EventRounds "7"]
[EventType "team-swiss"]
[EventDate "2016.12.26"]

1. e4 c6 2. d4 d5 3. e5 Bf5 4. c3 e6 5. Bd3 Bxd3 6. Qxd3 c5 7. Ne2 cxd4 8. cxd4
Nc6 9. Nbc3 Bb4 10. O-O Nge7 11. Ng3 O-O 12. Be3 f5 13. exf6 Rxf6 14. Nce2 Qb6
15. Rab1 Nf5 16. Nxf5 Rxf5 17. Ng3 Rf7 18. a3 Bd6 19. b4 a5 20. b5 Na7 21. a4
Rc8 22. Rbc1 Rfc7 23. Ne2 Rc4 24. Qb3 Rb4 25. Qa2 Rcc4 26. Rxc4 Rxc4 27. Rb1
Nc8 28. g3 Qc7 29. Rb2 Nb6 30. Nf4 Rxa4 31. Qb1 Bxf4 32. Bxf4 Qc3 33. Rc2 Ra1
34. Rxc3 Rxb1+ 35. Kg2 Nc4 36. b6 Rxb6 0-1

[Event "DVM U14 2016"]
[Site "Düsseldorf GER"]
[Date "2016.12.27"]
[Round "1"]
[White "Späth, René"]
[Black "Knüdel, Torben"]
[Result "0-1"]
[Termination "normal"]
[Board "7.3"]
[WhiteElo "1384"]
[BlackElo "1773"]
[WhiteTeam "SF HN-Biberach"]
[BlackTeam "Post SV Uelzen"]
[PlyCount "50"]
[WhiteFideId "16224272"]
[BlackFideId "16208820"]
[EventCountry "GER"]
[EventRounds "7"]
[EventType "team-swiss"]
[EventDate "2016.12.26"]

1. e4 e6 2. d4 d5 3. e5 c5 4. c3 Nc6 5. Nf3 Qb6 6. a3 c4 7. Be2 Bd7 8. O-O Na5
9. Nbd2 Be7 10. Rb1 O-O-O 11. b3 cxb3 12. Nxb3 Ba4 13. Nfd2 f6 14. f4 g5 15.
Bd3 gxf4 16. exf6 Nxf6 17. Rxf4 e5 18. Rf2 e4 19. Re2 Bd6 20. Bc2 Bb5 21. Rf2
Rhg8 22. Nxa5 Bxh2+ 23. Kh1 Ng4 24. Rf5 Bf4 25. Qe1 Qh6+ 0-1

[Event "DVM U14 2016"]
[Site "Düsseldorf GER"]
[Date "2016.12.27"]
[Round "1"]
[White "Rothenberg, Nina"]
[Black "Gerold, Robin"]
[Result "1-0"]
[Termination "normal"]
[Board "7.4"]
[WhiteElo "1400"]
[BlackElo "1385"]
[WhiteTeam "Post SV Uelzen"]
[BlackTeam "SF HN-Biberach"]
[PlyCount "119"]
[WhiteFideId "16208943"]
[BlackFideId "16235185"]
[EventCountry "GER"]
[EventRounds "7"]
[EventType "team-swiss"]
[EventDate "2016.12.26"]

1. e4 c6 2. d4 d5 3. exd5 cxd5 4. Bd3 Nc6 5. c3 e6 6. Bf4 Bd6 7. Bg3 Nf6 8. Nf3
Qc7 9. Nbd2 O-O 10. Qc2 g6 11. O-O-O Re8 12. Rde1 Nd7 13. Re2 b6 14. Rhe1 Bb7
15. Kb1 a5 16. Bb5 Ba6 17. Bxc6 Qxc6 18. Re3 a4 19. a3 b5 20. Rc1 Nb6 21. Ree1
Nc4 22. Bxd6 Qxd6 23. Ne5 Bc8 24. Ndxc4 bxc4 25. Qe2 Re7 26. Qf3 Rb8 27. Re3
Reb7 28. Rc2 Qxa3 29. Ree2 Qd6 30. h4 Kg7 31. h5 a3 32. h6+ Kf8 33. Qf6 Ke8 34.
Qh8+ Qf8 35. Qxf8+ Kxf8 36. Ka2 axb2 37. Rxb2 Rxb2+ 38. Rxb2 Rxb2+ 39. Kxb2 Bb7
40. Ka3 Ke7 41. Ng4 f6 42. Kb4 Bc6 43. f4 Be8 44. g3 Bd7 45. Ne3 Be8 46. Ng4
Bd7 47. Ne3 f5 48. Ng2 Kf6 49. Kc5 Be8 50. Kd6 Bf7 51. Nh4 Be8 52. Nf3 Ba4 53.
Ng5 Bc2 54. Nxh7+ Kf7 55. Ng5+ Kg8 56. Kxe6 Be4 57. Kf6 Kh8 58. Kxg6 Kg8 59.
h7+ Kh8 60. Nf7# 1-0

[Event "DVM U14 2016"]
[Site "Düsseldorf GER"]
[Date "2016.12.27"]
[Round "1"]
[White "Lichtmannecker, Daniel"]
[Black "Wolf, Philipp"]
[Result "1-0"]
[Termination "normal"]
[Board "8.1"]
[WhiteElo "1684"]
[BlackElo "1713"]
[WhiteTeam "FC Ergolding"]
[BlackTeam "SG Blau-Weiß Stadtilm"]
[PlyCount "65"]
[WhiteFideId "12979414"]
[BlackFideId "12958948"]
[EventCountry "GER"]
[EventRounds "7"]
[EventType "team-swiss"]
[EventDate "2016.12.26"]

1. d4 Nf6 2. Nf3 e6 3. e3 b6 4. Bd3 Bb7 5. b3 Be7 6. Bb2 c5 7. Nbd2 Qc7 8. O-O
Nc6 9. a3 d5 10. Qe2 Bd6 11. dxc5 bxc5 12. Bxf6 gxf6 13. e4 Nd4 14. Qe1 Nxf3+
15. Nxf3 d4 16. Qe2 a6 17. Rfe1 Rg8 18. g3 Ke7 19. Nd2 Rg7 20. Nc4 Bf4 21. e5
fxe5 22. Nxe5 Rag8 23. Kf1 Rg5 24. Nxf7 Kxf7 25. Qxe6+ Kg7 26. gxf4 Bg2+ 27.
Ke2 Qxf4 28. Qe7+ Qf7 29. Qxg5+ Kh8 30. Qe5+ Rg7 31. Be4 Bh3 32. Rg1 Bd7 33.
Qxg7+ 1-0

[Event "DVM U14 2016"]
[Site "Düsseldorf GER"]
[Date "2016.12.27"]
[Round "1"]
[White "Creß, Bastian"]
[Black "Astner, Sebastian"]
[Result "1-0"]
[Termination "normal"]
[Board "8.2"]
[WhiteElo "1608"]
[BlackElo "1804"]
[WhiteTeam "SG Blau-Weiß Stadtilm"]
[BlackTeam "FC Ergolding"]
[PlyCount "103"]
[WhiteFideId "16208846"]
[BlackFideId "12979422"]
[EventCountry "GER"]
[EventRounds "7"]
[EventType "team-swiss"]
[EventDate "2016.12.26"]

1. e4 Nc6 2. Nf3 Nf6 3. e5 Nd5 4. d4 d6 5. Bb5 Bd7 6. c4 Nb6 7. Bxc6 bxc6 8. b3
e6 9. O-O Be7 10. Bb2 O-O 11. Re1 Rb8 12. Qc2 f5 13. Nbd2 g5 14. Nf1 g4 15.
N3d2 Qe8 16. f4 Bh4 17. Re2 Qh5 18. Qd3 c5 19. dxc5 dxc5 20. Ba3 Bc6 21. Bxc5
Rfd8 22. Qe3 Rd7 23. g3 Bf3 24. Nxf3 gxf3 25. Rd2 Rxd2 26. Nxd2 Kf7 27. gxh4
Qg4+ 28. Kf1 Qg2+ 29. Ke1 Rd8 30. Nxf3 Qh1+ 31. Ng1 Qxh2 32. Qf2 Qh1 33. Rd1
Qe4+ 34. Be3 Rg8 35. Rd4 Qb1+ 36. Rd1 Qe4 37. Nf3 Rg4 38. Ng5+ Rxg5 39. hxg5
Qh1+ 40. Qf1 Qh4+ 41. Kd2 Qh5 42. Qh1 Qg6 43. Qh6 Qg8 44. Qf6+ Ke8 45. Kc2 Nd7
46. Qh6 Qf7 47. Rh1 Qe7 48. Qxh7 Qa3 49. Qg6+ Kd8 50. Rh8+ Nf8 51. Qf6+ Kc8 52.
Qxf8+ 1-0

[Event "DVM U14 2016"]
[Site "Düsseldorf GER"]
[Date "2016.12.27"]
[Round "1"]
[White "Sowka, Patrick"]
[Black "Rapp, Lukas"]
[Result "1-0"]
[Termination "normal"]
[Board "8.3"]
[WhiteElo "1686"]
[BlackElo "1630"]
[WhiteTeam "FC Ergolding"]
[BlackTeam "SG Blau-Weiß Stadtilm"]
[PlyCount "65"]
[WhiteFideId "16234944"]
[BlackFideId "12989320"]
[EventCountry "GER"]
[EventRounds "7"]
[EventType "team-swiss"]
[EventDate "2016.12.26"]

1. d4 Nf6 2. c4 e6 3. Nf3 b6 4. Bg5 Bb7 5. e3 Bb4+ 6. Nc3 O-O 7. Bd3 h6 8. Bxf6
Qxf6 9. Be2 d6 10. O-O Bxc3 11. bxc3 Qe7 12. Qd3 f5 13. Nd2 Qh4 14. Nf3 Qe7 15.
Nd2 Qh4 16. Bf3 Bxf3 17. Nxf3 Qe4 18. Qd1 Nd7 19. Qb3 Rf6 20. Qa4 Nf8 21. Rfd1
Rg6 22. Kh1 e5 23. d5 Qg4 24. Ne1 Qe2 25. Nd3 e4 26. Nf4 Qxf2 27. Nxg6 Nxg6 28.
Re1 Nh4 29. Rg1 Qxe3 30. Qc2 Rf8 31. Rae1 Qc5 32. Qe2 Re8 33. Qh5 1-0

[Event "DVM U14 2016"]
[Site "Düsseldorf GER"]
[Date "2016.12.27"]
[Round "1"]
[White "Pflugradt, Natalie"]
[Black "Kühne, Maria"]
[Result "1/2-1/2"]
[Termination "normal"]
[Board "8.4"]
[WhiteElo "1445"]
[BlackElo "1721"]
[WhiteTeam "SG Blau-Weiß Stadtilm"]
[BlackTeam "FC Ergolding"]
[PlyCount "106"]
[WhiteFideId "16212444"]
[BlackFideId "12997412"]
[EventCountry "GER"]
[EventRounds "7"]
[EventType "team-swiss"]
[EventDate "2016.12.26"]

1. e4 Nc6 2. Nf3 Nf6 3. e5 Nd5 4. d4 d6 5. Bb5 a6 6. Bxc6+ bxc6 7. c4 Nb6 8. b3
Bb7 9. Nc3 e6 10. O-O Be7 11. Qc2 O-O 12. Ne4 h6 13. Ng3 Nd7 14. Be3 Re8 15. c5
Nf8 16. Qd2 Nh7 17. Rad1 Qd7 18. Ne4 f5 19. exf6 Nxf6 20. Nxf6+ Bxf6 21. Qd3
Rad8 22. Qg6 Qf7 23. Qxf7+ Kxf7 24. h3 Ra8 25. Nh2 a5 26. Ng4 Be7 27. f4 a4 28.
b4 Ba6 29. Rf2 Bh4 30. Rc2 d5 31. Ne5+ Kg8 32. Nxc6 Bb5 33. Ne5 c6 34. Bf2 Be7
35. Bg3 Bf6 36. Nf3 g6 37. Bh4 Bg7 38. g4 Rf8 39. Bg3 g5 40. Rf2 gxf4 41. Bh2
Rae8 42. Nh4 e5 43. dxe5 Bxe5 44. Ng6 Rf6 45. Nxe5 Rxe5 46. Bxf4 Re4 47. Be3
Rfe6 48. Bd4 Re1+ 49. Rxe1 Rxe1+ 50. Kh2 Re4 51. Rd2 Kh7 52. Kg3 Kg6 53. Kf3 h5
1/2-1/2

[Event "DVM U14 2016"]
[Site "Düsseldorf GER"]
[Date "2016.12.27"]
[Round "1"]
[White "Lohvinov, Petro"]
[Black "Uhlendorff, Luca"]
[Result "1/2-1/2"]
[Termination "normal"]
[Board "9.2"]
[WhiteElo "1714"]
[BlackElo "1587"]
[WhiteTeam "SK München Südost"]
[BlackTeam "KSV Rochade Göttingen"]
[PlyCount "81"]
[WhiteFideId "14176661"]
[BlackFideId "16221923"]
[EventCountry "GER"]
[EventRounds "7"]
[EventType "team-swiss"]
[EventDate "2016.12.26"]

1. e4 d5 2. exd5 Nf6 3. c4 c6 4. d4 cxd5 5. Nc3 Nc6 6. Nf3 Bg4 7. cxd5 Nxd5 8.
Bc4 e6 9. Be2 Be7 10. O-O O-O 11. Be3 Rc8 12. Rc1 a6 13. Qb3 b5 14. Nxd5 exd5
15. Rfe1 Qd6 16. Rc5 Rfd8 17. Rxc6 Rxc6 18. Ne5 Bxe2 19. Nxc6 Qxc6 20. Rxe2 Rc8
21. h3 Qc4 22. Qxc4 bxc4 23. Bf4 Bf6 24. Be3 g6 25. Rc2 Rb8 26. Kf1 a5 27. Ke2
a4 28. Kd2 Kf8 29. Kc3 Be7 30. Kd2 a3 31. bxa3 Bxa3 32. Bf4 Rb2 33. Rxb2 Bxb2
34. Bd6+ Ke8 35. Bc5 Kd7 36. Kc2 Ba1 37. a4 Kc6 38. a5 Kb5 39. Bb6 h5 40. h4 f5
41. f4 1/2-1/2

[Event "DVM U14 2016"]
[Site "Düsseldorf GER"]
[Date "2016.12.27"]
[Round "1"]
[White "Mimkes, Pavel"]
[Black "Grunert, Friedrich"]
[Result "0-1"]
[Termination "normal"]
[Board "9.3"]
[WhiteElo "1418"]
[BlackElo "1795"]
[WhiteTeam "KSV Rochade Göttingen"]
[BlackTeam "SK München Südost"]
[PlyCount "104"]
[WhiteFideId "12990833"]
[BlackFideId "12995592"]
[EventCountry "GER"]
[EventRounds "7"]
[EventType "team-swiss"]
[EventDate "2016.12.26"]

1. e4 e6 2. Bd3 d5 3. c3 c5 4. Bc2 Nc6 5. Nf3 Qb6 6. d4 Bd7 7. O-O dxe4 8. Bxe4
Nf6 9. Re1 cxd4 10. cxd4 Bb4 11. Nc3 O-O 12. Bg5 Nxe4 13. Rxe4 Ne7 14. Ne5 Bc6
15. Rg4 Ng6 16. h4 Nxe5 17. dxe5 Kh8 18. Be3 Qa5 19. Qd4 Bxc3 20. bxc3 Rad8 21.
Qf4 Qxc3 22. Rc1 Qd3 23. Qg5 Qg6 24. Qxg6 hxg6 25. Bxa7 Rd2 26. Bc5 Rfd8 27. a3
R8d5 28. Bd6 Rb2 29. Rf4 Kg8 30. Re1 Rc2 31. Bb4 Bb5 32. Bd6 Rdd2 33. Re3 Rd1+
34. Kh2 Bc6 35. Kg3 Rg1 36. Ref3 Bxf3 37. Rxf3 Rb1 38. Bb4 Rbb2 39. Bd6 Re2 40.
Rf4 Rbd2 41. Rf3 f5 42. Rf4 Kh7 43. Bb8 Kh6 44. Bd6 Kh5 45. Bb8 Rd3+ 46. Rf3
Rd4 47. Rc3 Red2 48. f3 Rxh4 49. f4 Rg4+ 50. Kf3 Rgxg2 51. Rc8 Rdf2+ 52. Ke3
Kg4 0-1

[Event "DVM U14 2016"]
[Site "Düsseldorf GER"]
[Date "2016.12.27"]
[Round "1"]
[White "Grunert, Wilhelm"]
[Black "Mindermann, Arved"]
[Result "1-0"]
[Termination "normal"]
[Board "9.4"]
[WhiteElo "1575"]
[BlackElo "1542"]
[WhiteTeam "SK München Südost"]
[BlackTeam "KSV Rochade Göttingen"]
[PlyCount "47"]
[WhiteFideId "12995673"]
[BlackFideId "16221893"]
[EventCountry "GER"]
[EventRounds "7"]
[EventType "team-swiss"]
[EventDate "2016.12.26"]

1. e4 e5 2. Nf3 d6 3. d4 exd4 4. Nxd4 Nf6 5. Nc3 Be7 6. Bc4 Bd7 7. Be3 Nc6 8.
Bb3 O-O 9. Qe2 Re8 10. f3 Nxd4 11. Bxd4 Bc6 12. g4 h6 13. h4 Nh7 14. g5 hxg5
15. hxg5 Bxg5 16. Qh2 Bf6 17. Qxh7+ Kf8 18. Qf5 Ke7 19. Bxf6+ gxf6 20. Rh7 Rf8
21. Nd5+ Bxd5 22. Qxd5 Qe8 23. Qxb7 Qd7 24. Qxa8 1-0